All ACNH Villagers - Statistics

General Stats
  • This quiz has been taken 113 times
  • The average score is 148 of 397
Answer Stats
Hint Answer % Correct
Gorilla (Lazy) Al
79%
Dog (Normal) Bea
71%
Alligator (Snooty) Alli
69%
Cat (Smug) Raymond
65%
Alligator (Lazy) Alfonso
63%
Anteater (Jock) Antonio
60%
Mouse (Jock) Rod
60%
Cat (Lazy) Bob
58%
Dog (Sisterly) Cherry
58%
Octopus (Normal) Marina
58%
Duck (Normal) Molly
58%
Octopus (Cranky) Octavian
58%
Cow (Snooty) Tipper
58%
Duck (Jock) Bill
56%
Octopus (Lazy) Zucker
56%
Eagle (Cranky) Apollo
54%
Alligator (Jock) Boots
54%
Deer (Snooty) Diana
54%
Alligator (Lazy) Drago
54%
Deer (Lazy) Erik
54%
Cat (Jock) Kid Cat
54%
Frog (Normal) Lily
54%
Dog (Lazy) Lucky
54%
Cow (Normal) Norma
54%
Bull (Cranky) Vic
54%
Anteater (Normal) Annalisa
52%
Horse (Snooty) Annalise
52%
Bear (Smug) Beardo
52%
Deer (Lazy) Beau
52%
Cub (Peppy) Bluebear
52%
Deer (Normal) Fauna
52%
Dog (Normal) Goldie
52%
Cub (Snooty) Judy
52%
Ostrich (Snooty) Julia
52%
Duck (Peppy) Ketchup
52%
Kangaroo (Normal) Kitt
52%
Cub (Normal) Maple
52%
Anteater (Snooty) Snooty
52%
Bear (Jock) Teddy
52%
Anteater (Peppy) Anabelle
50%
Bull (Cranky) Angus
50%
Frog (Sisterly) Diva
50%
Penguin (Sisterly) Flo
50%
Hamster (Jock) Hamlet
50%
Bird (Jock) Jay
50%
Cub (Normal) June
50%
Cat (Snooty) Kitty
50%
Cat (Normal) Lolly
50%
Cat (Peppy) Tangy
50%
Deer (Smug) Zell
50%
Mouse (Smug) Chadder
48%
Alligator (Cranky) Del
48%
Sheep (Jock) Dom
48%
Alligator (Normal) Gayle
48%
Cat (Normal) Kiki
48%
Lion (Smug) Lionel
48%
Bear (Normal) Megan
48%
Anteater (Smug) Olaf
48%
Cow (Peppy) Patty
48%
Bird (Jock) Peck
48%
Bear (Peppy) Pinky
48%
Hamster (Smug) Rodney
48%
Cat (Peppy) Rosie
48%
Goat (Lazy) Sherb
48%
Wolf (Cranky) Wolfgang
48%
Bird (Lazy) Anchovy
46%
Cat (Snooty) Ankha
46%
Deer (Jock) Bam
46%
Goat (Jock) Billy
46%
Cub (Peppy) Cheri
46%
Dog (Normal) Daisy
46%
Rabbit (Snooty) Francine
46%
Squirrel (Smug) Marshal
46%
Rhino (Normal) Merengue
46%
Cat (Peppy) Merry
46%
Cat (Snooty) Monique
46%
Cub (Normal) Olive
46%
Cat (Snooty) Olivia
46%
Chicken (Sisterly) Plucky
46%
Gorilla (Sisterly) Rocket
46%
Alligator (Jock) Sly
46%
Cub (Lazy) Stitches
46%
Cub (Sisterly) Tammy
46%
Bull (Cranky) T-Bone
46%
Pig (Sisterly) Agnes
44%
Hamster (Peppy) Apple
44%
Wolf (Peppy) Audie
44%
Hippo (Normal) Bertha
44%
Dog (Lazy) Bones
44%
Chicken (Snooty) Broffina
44%
Hippo (Peppy) Bubbles
44%
Rabbit (Peppy) Chrissy
44%
Deer (Sisterly) Deirdre
44%
Chicken (Lazy) Egbert
44%
Elephant (Normal) Ellie
44%
Ostrich (Peppy) Flora
44%
Chicken (Jock) Goose
44%
Cat (Cranky) Kabuki
44%
Wolf (Smug) Kyle
44%
Koala (Normal) Melba
44%
Rabbit (Sisterly) Mira
44%
Koala (Lazy) Ozzie
44%
Horse (Peppy) Victoria
44%
Bird (Cranky) Admiral
42%
Mouse (Peppy) Bella
42%
Tiger (Peppy) Bianca
42%
Dog (Lazy) Biskit
42%
Goat (Normal) Chevre
42%
Dog (Peppy) Cookie
42%
Hamster (Normal) Flurry
42%
Duck (Peppy) Freckles
42%
Wolf (Snooty) Freya
42%
Frog (Smug) Henry
42%
Frog (Normal) Jambette
42%
Bird (Jock) Jitters
42%
Horse (Smug) Julian
42%
Cat (Sisterly) Katt
42%
Cat (Lazy) Moe
42%
Goat (Normal) Nan
42%
Cow (Snooty) Naomi
42%
Cat (Lazy) Punchy
42%
Rhino (Sisterly) Renee
42%
Rabbit (Peppy) Ruby
42%
Duck (Jock) Scoot
42%
Monkey (Peppy) Tammi
42%
Elephant (Normal) Tia
42%
Bear (Peppy) Tutu
42%
Gorilla (Snooty) Violet
42%
Penguin (Normal) Aurora
40%
Cub (Lazy) Barold
40%
Dog (Lazy) Benjamin
40%
Bear (Sisterly) Charlise
40%
Pig (Smug) Chops
40%
Bear (Cranky) Chow
40%
Horse (Lazy) Elmer
40%
Elephant (Snooty) Eloise
40%
Bear (Cranky) Grizzly
40%
Frog (Smug) Huck
40%
Bear (Cranky) Ike
40%
Bird (Smug) Jacques
40%
Frog (Lazy) Jeremiah
40%
Duck (Lazy) Joey
40%
Chicken (Smug) Ken
40%
Bear (Smug) Klaus
40%
Deer (Smug) Lopez
40%
Anteater (Peppy) Pango
40%
Bear (Sisterly) Paula
40%
Horse (Normal) Peaches
40%
Cub (Normal) Pekoe
40%
Duck (Peppy) Pompom
40%
Dog (Snooty) Portia
40%
Cub (Lazy) Pudge
40%
Dog (Smug) Shep
40%
Bird (Peppy) Twiggy
40%
Wolf (Snooty) Vivian
40%
Wolf (Snooty) Whitney
40%
Chicken(Snooty) Becky
38%
Hippo (Jock) Biff
38%
Gorilla (Jock) Boone
38%
Hamster (Lazy) Clay
38%
Bull (Jock) Coach
38%
Rabbit (Normal) Coco
38%
Penguin (Lazy) Cube
38%
Anteater (Cranky) Cyrano
38%
Wolf (Cranky) Dobie
38%
Rabbit (Lazy) Doc
38%
Wolf (Cranky) Fang
38%
Pig (Normal) Gala
38%
Frog (Snooty) Gigi
38%
Duck (Snooty) Gloria
38%
Gorilla (Smug) Hans
38%
Hippo (Cranky) Harry
38%
Duck (Snooty) Mallary
38%
Bird (Normal) Midge
38%
Cat (Normal) Mitzi
38%
Goat (Sisterly) Pashmina
38%
Bird (Peppy) Piper
38%
Squirrel (Normal) Poppy
38%
Cat (Snooty) Purrl
38%
Horse (Sisterly) Reneigh
38%
Penguin (Jock) Roald
38%
Bull (Lazy) Rodeo
38%
Horse (Cranky) Roscoe
38%
Cat (Jock) Rudy
38%
Wolf (Normal) Skye
38%
Bird (Jock) Sparro
38%
Ostrich (Jock) Sprocket
38%
Cat (Jock) Stinky
38%
Cat (Cranky) Tom
38%
Goat (Snooty) Velma
38%
Dog (Lazy) Walker
38%
Squirrel (Peppy) Agent S
35%
Koala(Normal) Alice
35%
Eagle (Snooty) Amelia
35%
Chicken (Normal) Ava
35%
Tiger (Peppy) Bangle
35%
Hippo (Snooty) Bitty
35%
Ostrich (Snooty) Blanche
35%
Deer (Cranky) Bruce
35%
Rabbit (Peppy) Bunnie
35%
Dog (Cranky) Butch
35%
Kangaroo (Normal) Carrie
35%
Eagle (Normal) Celia
35%
Frog (Cranky) Croque
35%
Bear (Cranky) Curt
35%
Sheep (Normal) Etoile
35%
Koala (Smug) Eugene
35%
Cat (Peppy) Felicity
35%
Frog (Jock) Frobert
35%
Rabbit (Cranky) Gaston
35%
Rhino (Lazy) Hornsby
35%
Pig (Jock) Kevin
35%
Bird (Smug) Lucha
35%
Dog (Peppy) Maddie
35%
Kangaroo (Snooty) Mathilda
35%
Duck (Snooty) Miranda
35%
Sheep (Sisterly) Muffy
35%
Cub (Cranky) Murphy
35%
Monkey (Normal) Nana
35%
Elephant (Snooty) Opal
35%
Horse (Lazy) Papi
35%
Sheep (Smug) Pietro
35%
Cub (Jock) Poncho
35%
Frog (Jock) Ribbot
35%
Bird (Snooty) Robin
35%
Monkey (Sisterly) Shari
35%
Hamster (Snooty) Soleil
35%
Penguin (Peppy) Sprinkle
35%
Frog (Jock) Tad
35%
Rhino (Jock) Tank
35%
Bear (Sisterly) Ursala
35%
Sheep (Snooty) Willow
35%
Horse (Peppy) Winnie
35%
Mouse (Peppy) Anicotti
33%
Elephant (Jock) Axel
33%
Elephant (Lazy) Big Top
33%
Rabbit (Peppy) Bonbon
33%
Gorilla (Cranky) Boyd
33%
Koala (Sisterly) Canberra
33%
Rabbit (Peppy) Carmen
33%
Wolf (Cranky) Chief
33%
Horse (Snooty) Cleo
33%
Monkey (Lazy) Deli
33%
Elephant (Lazy) Dizzy
33%
Monkey (Snooty) Elise
33%
Ostrich (Normal) Gladys
33%
Bear (Cranky) Groucho
33%
Hamster (Cranky) Hamphrey
33%
Goat (Smug) Kidd
33%
Chicken (Cranky) Knox
33%
Pig (Normal) Lucy
33%
Dog (Jock) Mac
33%
Dog (Lazy) Marcel
33%
Bear (Lazy) Nate
33%
Squirrel (Peppy) Peanut
33%
Ostrich (Smug) Phil
33%
Ostrich (Sisterly) Phoebe
33%
Monkey (Lazy) Simon
33%
Bull (Lazy) Stu
33%
Tiger (Jock) Tybalt
33%
Cub (Cranky) Vladimir
33%
Penguin (Lazy) Wade
33%
Frog (Cranky) Wart Jr.
33%
Sheep (Peppy) Wendy
33%
Eagle (Cranky) Avery
31%
Chicken (Lazy) Benedict
31%
Mouse (Peppy) Bettina
31%
Penguin (Lazy) Boomer
31%
Horse (Jock) Buck
31%
Frog (Cranky) Camofrog
31%
Elephant (Peppy) Chai
31%
Deer (Normal) Chelsea
31%
Cub (Lazy) Chester
31%
Sheep (Smug) Curlos
31%
Elephant (Cranky) Cyd
31%
Duck (Lazy) Derwin
31%
Duck (Lazy) Drake
31%
Horse (Smug) Ed
31%
Deer (Sisterly) Fuchsia
31%
Squirrel (Sisterly) Hazel
31%
Bird (Lazy) Jacob
31%
Lion (Smug) Leopold
31%
Wolf (Cranky) Lobo
31%
Duck (Snooty) Maelle
31%
Pig (Normal) Maggie
31%
Kangaroo (Normal) Marcie
31%
Elephant (Normal) Margie
31%
Squirrel (Snooty) Mint
31%
Mouse (Jock) Moose
31%
Elephant (Lazy) Paolo
31%
Squirrel (Snooty) Pecan
31%
Frog (Peppy) Puddles
31%
Duck (Smug) Quillson
31%
Gorilla (Peppy) Rilla
31%
Tiger (Jock) Rowan
31%
Rabbit (Jock) Snake
31%
Koala (Normal) Sydney
31%
Squirrel (Normal) Sylvana
31%
Cat(Peppy) Tabby
31%
Elephant (Lazy) Tucker
31%
Sheep (Normal) Vesta
31%
Kangaroo (Cranky) Walt
31%
Duck (Lazy) Weber
31%
Kangaroo (Snooty) Astrid
29%
Sheep (Snooty) Baabara
29%
Gorilla (Cranky) Cesar
29%
Horse (Lazy) Clyde
29%
Frog (Jock) Cousteau
29%
Squirrel (Lazy) Filbert
29%
Rabbit (Peppy) Gabi
29%
Rabbit (Jock) Genji
29%
Hamster (Smug) Graham
29%
Rabbit (Lazy) Hopkins
29%
Cub (Jock) Kody
29%
Tiger (Jock) Leonardo
29%
Koala (Jock) Lyman
29%
Monkey (Cranky) Monty
29%
Duck (Peppy) Pate
29%
Lion (Lazy) Rex
29%
Lion (Jock) Rory
29%
Ostrich (Normal) Sandy
29%
Rhino (Cranky) Spike
29%
Squirrel (Cranky) Static
29%
Sheep (Normal) Stella
29%
Pig (Cranky) Boris
27%
Mouse (Snooty) Bree
27%
Mouse (Lazy) Broccolo
27%
Lion (Jock) Bud
27%
Squirrel (Normal) Cally
27%
Tiger (Snooty) Claudia
27%
Ostrich (Lazy) Cranston
27%
Duck (Normal) Deena
27%
Rabbit (Peppy) Dotty
27%
Frog (Jock) Drift
27%
Monkey (Jock) Flip
27%
Eagle (Cranky) Frank
27%
Goat (Cranky) Gruff
27%
Hippo (Smug) Hippeaux
27%
Penguin (Cranky) Hopper
27%
Cub (Lazy) Marty
27%
Mouse (Peppy) Penelope
27%
Frog (Lazy) Prince
27%
Hippo (Cranky) Rocco
27%
Kangaroo (Cranky) Rooney
27%
Squirrel (Normal) Sally
27%
Pig (Lazy) Spork
27%
Eagle (Jock) Sterling
27%
Kangaroo (Sisterly) Sylvia
27%
Squirrel (Snooty) Blaire
25%
Eagle (Cranky) Buzz
25%
Mouse (Peppy) Candi
25%
Rabbit (Lazy) Cole
25%
Horse (Smug) Colton
25%
Mouse (Normal) Dora
25%
Lion (Cranky) Elvis
25%
Penguin (Snooty) Friga
25%
Mouse (Snooty) Greta
25%
Pig (Lazy) Hugh
25%
Eagle (Smug) Keaton
25%
Mouse (Cranky) Limberg
25%
Lion (Jock) Mott
25%
Squirrel (Peppy) Nibbles
25%
Gorilla (Cranky) Peewee
25%
Pig (Peppy) Peggy
25%
Eagle (Jock) Pierce
25%
Penguin (Lazy) Puck
25%
Pig (Cranky) Rasher
25%
Rhino (Normal) Rhonda
25%
Tiger (Cranky) Rolf
25%
Squirrel (Jock) Sheldon
25%
Rabbit (Snooty) Tiffany
25%
Pig (Peppy) Truffles
25%
Sheep (Snooty) Cashmere
23%
Sheep (Sisterly) Frita
23%
Penguin (Snooty) Gwen
23%
Rabbit (Smug) O'Hare
23%
Pig (Snooty) Pancetti
23%
Ostrich (Snooty) Queenie
23%
Frog (Lazy) Raddle
23%
Squirrel (Cranky) Ricky
23%
Horse (Normal) Savannah
23%
Sheep (Snooty) Timbra
23%
Koala (Snooty) Yuka
23%
Squirrel (Peppy) Caroline
21%
Rabbit (Lazy) Claude
21%
Pig (Jock) Cobb
21%
Pig (Jock) Curly
21%
Sheep (Normal) Eunice
21%
Koala (Cranky) Gonzo
21%
Gorilla (Jock) Louie
21%
Mouse (Cranky) Rizzo
21%
Squirrel (Snooty) Tasha
21%
Penguin (Smug) Tex
21%
Penguin (Jock) Iggly
19%
Rabbit (Peppy) Pippy
19%
Rabbit (Smug) Toby
19%
Mouse (Jock) Samson
17%
No matching quizzes found
Score Distribution
Percent of People with Each Score
Percentile by Number Answered
Your Score History
You have not taken this quiz